| 000 | 00788nam a2200205Ia 4500 | ||
|---|---|---|---|
| 003 | GCL | ||
| 008 | 140319s9999 xx 000 0 ara d | ||
| 040 |
_aGCL / _cGCL |
||
| 082 | 0 | 4 |
_a250 _bق ا |
| 100 | 1 | _aابن قيم الجوزية: شمس الدين ابو عبدالله محمد بن ابى بكر | |
| 245 | 1 | 0 |
_aاعلام الموقعين عن رب العالمين / _cابن قيم الجوزية: شمس الدين ابو عبدالله محمد بن ابى بكر |
| 700 | 1 | _aعصام الدين الطبايطى (تحقيق وت | |
| 260 |
_aالقاهرة : _bدار الحديث ، _c1993 |
||
| 300 |
_a4 مجلد ؛ _c24 سم |
||
| 490 | _a | ||
| 650 | 0 | 4 | _aالفقه |
| 650 | 0 | 4 | _aالشريعة الاسلامية |
| 650 | 0 | 4 | _aالسير |
| 942 |
_2ddc _cBK |
||
| 999 |
_c58841 _d58841 |
||